| 000 | 00342nam a22001337a 4500 | ||
|---|---|---|---|
| 008 | 171218b xxu||||| |||| 00| 0 eng d | ||
| 020 | _a9780966687521 | ||
| 041 | _aeng | ||
| 080 | _a37 | ||
| 100 | _a46 | ||
| 101 | _aEDU | ||
| 245 |
_aAnnual Growth for all students, Catch-Up Growth for those who are behind _cFielding, L |
||
| 942 |
_2udc _cBK |
||
| 999 |
_c39073 _d39073 |
||